Detalles MARC
| 000 -LEADER |
| fixed length control field |
01957nam a2200373 a 4500 |
| 001 - CONTROL NUMBER |
| control field |
00166 |
| 003 - CONTROL NUMBER IDENTIFIER |
| control field |
DO-SdBNP |
| 005 - DATE AND TIME OF LATEST TRANSACTION |
| control field |
20180316144650.0 |
| 007 - PHYSICAL DESCRIPTION FIXED FIELD--GENERAL INFORMATION |
| fixed length control field |
00166 |
| 008 - FIXED-LENGTH DATA ELEMENTS--GENERAL INFORMATION |
| fixed length control field |
150130s 2001 dr 000 0 spa d |
| 020 ## - INTERNATIONAL STANDARD BOOK NUMBER |
| International Standard Book Number |
8482613405 |
| 040 ## - CATALOGING SOURCE |
| Original cataloging agency |
BPMSU |
| Language of cataloging |
spa |
| Transcribing agency |
BPMSU |
| 082 #4 - DEWEY DECIMAL CLASSIFICATION NUMBER |
| Classification number |
373.7 |
| Item number |
F316m 2do. 2001 |
| 100 1# - MAIN ENTRY--PERSONAL NAME |
| Personal name |
Féliz, Orelvis |
| 245 10 - TITLE STATEMENT |
| Title |
Matemáticas 2: |
| Remainder of title |
[educación media] / |
| Statement of responsibility, etc. |
Orelvis Féliz, Ramón Laurens Cartagena ; dirección editorial Obdulia García de Escobar ; ilustración Ruddy Núñez. |
| 260 ## - PUBLICATION, DISTRIBUTION, ETC. (IMPRINT) |
| Place of publication, distribution, etc. |
Santo Domingo : |
| Name of publisher, distributor, etc. |
Santillana, |
| Date of publication, distribution, etc. |
2001. |
| 300 ## - PHYSICAL DESCRIPTION |
| Extent |
279 p. : |
| Other physical details |
il., retrs. ; |
| Dimensions |
28 cm. |
| 490 1# - SERIES STATEMENT |
| Series statement |
Umbral |
| 500 ## - GENERAL NOTE |
| General note |
Segundo de bachillerato, 2do. curso/primer ciclo |
| 505 1# - FORMATTED CONTENTS NOTE |
| Title |
2do. curso / 1er. ciclo -- |
| -- |
Unidad 1. - El razonamiento matemático -- |
| -- |
Unidad 2 . - Estructuras algebraicas -- |
| -- |
Unidad 3 .- Teoría del residuo -- |
| -- |
Unidad 4 .- Funciones -- |
| -- |
Unidad 5 .- Ecuaciones -- |
| -- |
Unidad 6. - Inecuaciones -- |
| -- |
Unidad 7. - Triángulos y cuadriláteros -- |
| -- |
Unidad 8. - Polígonos -- |
| -- |
Unidad 9 .- Introducción a la trigonometría -- |
| -- |
Unidad 10 .- Funciones inversas -- |
| -- |
Unidad 11. - Resolución de triángulos -- |
| -- |
Unidad 12 . - Ecuaciones trigonométricas -- |
| -- |
Unidad 13 .- Álgebra vectorial -- |
| -- |
Unidad 14 .-Transformaciones geométricas -- |
| -- |
Unidad 15 .- Sucesiones y progresiones -- |
| -- |
Unidad 16 .- Estadística y probabilidades -- |
| 650 #4 - SUBJECT ADDED ENTRY--TOPICAL TERM |
| Topical term or geographic name as entry element |
MATEMÁTICAS |
| General subdivision |
ENSEÑANZA SECUNDARIA |
| 650 #4 - SUBJECT ADDED ENTRY--TOPICAL TERM |
| Topical term or geographic name as entry element |
EDUCACIÓN SECUNDARIA |
| Geographic subdivision |
REPÚBLICA DOMINICANA |
| 650 #4 - SUBJECT ADDED ENTRY--TOPICAL TERM |
| Topical term or geographic name as entry element |
EDUCACIÓN SECUNDARIA |
| General subdivision |
LIBROS DE TEXTOS |
| 650 ## - SUBJECT ADDED ENTRY--TOPICAL TERM |
| Topical term or geographic name as entry element |
EDUCACIÓN SECUNDÁRIA |
| General subdivision |
ESTUDIOS Y EJERCÍCIOS |
| 700 1# - ADDED ENTRY--PERSONAL NAME |
| Personal name |
Laurens, Ramón |
| 700 12 - ADDED ENTRY--PERSONAL NAME |
| Personal name |
García de Escobar, Obdulia, |
| Relator term |
ed. |
| 700 12 - ADDED ENTRY--PERSONAL NAME |
| Personal name |
Núñez, Ruddy, |
| Relator term |
il. |
| 830 #0 - SERIES ADDED ENTRY--UNIFORM TITLE |
| Uniform title |
Umbral |
| 910 ## - USER-OPTION DATA (OCLC) |
| User-option data |
Validado. Control de calidad MFF |
| 942 ## - ADDED ENTRY ELEMENTS (KOHA) |
| Source of classification or shelving scheme |
Dewey Decimal Classification |
| Koha item type |
Libros |
| 945 ## - LOCAL PROCESSING INFORMATION (OCLC) |
| a |
inventariado, 2018 / dg |
| 956 ## - LOCAL ELECTRONIC LOCATION AND ACCESS (OCLC) |
| Host name |
VMATEO |
| Access number |
10 |
| Compression information |
20150717 |
| Logon |
BPMSU |
| Processor of request |
00151 |
| 956 ## - LOCAL ELECTRONIC LOCATION AND ACCESS (OCLC) |
| Host name |
BPMSU |
| Access number |
10 |
| Compression information |
20160407 |
| Logon |
BPMSU |
| Processor of request |
00166 |